000 00372nam a22001577a 4500
003 MPLRDC
005 20220104123607.0
008 210129b ||||| |||| 00| 0 eng d
082 _a415.271 LSC
100 _a林尚存编著
245 _a癌症奋斗记
_c
260 _a
_b新风文化事业公司
_c
300 _b
650 _a癌症
942 _cBK
_o415.271 LSC
999 _c12647
_d12637